| 000 | 00459nam a2200181Ia 4500 | ||
|---|---|---|---|
| 008 | 230524s9999 xx 000 0 und d | ||
| 020 | _a9788131734421 | ||
| 082 | _bSUL | ||
| 100 |
_aWilliam G.Sullivam _942506 |
||
| 245 | 0 | _aEngineering Economy | |
| 250 | _a4 | ||
| 260 |
_aNew Delhi _bPearson _c2012 |
||
| 300 | _a"X,659p;" | ||
| 500 | _aQuantity Number: 1 | ||
| 650 | _aEconomics | ||
| 700 |
_a"Elin M.Wicks ,C.Patric Koelling" _942507 |
||
| 942 | _cBK | ||
| 999 |
_c56939 _d56939 |
||